Countries with a Hot Semi-Arid Climate - Statistics

General Stats
  • This quiz has been taken 146 times
    108 since last reset
  • The average score is 72 of 85
Answer Stats
Answer % Correct
United States
96%
United States
96%
Mexico
95%
Pakistan
94%
Algeria
93%
France
93%
France
93%
Iran
93%
Spain
93%
Turkey
93%
United Kingdom
93%
Australia
91%
Iraq
91%
Namibia
91%
South Africa
91%
Argentina
90%
Dominican Republic
90%
Greece
90%
Guatemala
90%
India
90%
Somalia
90%
Tunisia
90%
Chad
89%
China
89%
Egypt
89%
Eritrea
89%
Ethiopia
89%
Haiti
89%
Morocco
89%
Peru
89%
Sudan
89%
Venezuela
89%
Afghanistan
88%
Bolivia
88%
Colombia
88%
Cuba
88%
Israel
88%
Italy
88%
Libya
88%
Mali
88%
Syria
88%
Brazil
86%
Ecuador
86%
Mozambique
86%
Niger
86%
Portugal
86%
South Sudan
86%
Yemen
86%
Djibouti
85%
Honduras
85%
Kenya
85%
Oman
85%
Saudi Arabia
85%
Senegal
85%
Tanzania
85%
Angola
84%
Botswana
84%
Central African Republic
84%
Paraguay
84%
Turkmenistan
84%
Uganda
84%
Zambia
84%
Cameroon
83%
Jamaica
83%
Jordan
83%
Zimbabwe
83%
Eswatini
81%
Nigeria
81%
United Arab Emirates
81%
Cyprus
80%
Indonesia
80%
Gambia
79%
Madagascar
79%
Netherlands
79%
Bahamas
78%
Tajikistan
78%
Burkina Faso
77%
Malawi
73%
Myanmar
72%
Benin
70%
Antigua and Barbuda
67%
Cape Verde
67%
East Timor
62%
Marshall Islands
53%
Kiribati
51%
No matching quizzes found
Score Distribution
Percent of People with Each Score
Percentile by Number Answered
Your Score History
You have not taken this quiz since the last reset